[Event "Ch Spain (juniors) (under 18)"]
[Site "Granada (Spain)"]
[Round "4"]
[White "Tierraseca Montero Pablo (ESP)"]
[Black "Ordonez Torres Jesus (ESP)"]
[Result "1-0"]
[WhiteElo "2109"]
[BlackElo "1898"]

1.e4 c6 2.d4 d5 3.Nd2 dxe4 4.Nxe4 Bf5 5.Ng3 Bg6 6.h4 h6 7.f4 e6 8.Nf3 Nd7 9.h5
Bh7 10.Bd3 Bxd3 11.Qxd3 Ngf6 12.Bd2 Qb6 13.O-O-O O-O-O 14.Qc4 Bd6 15.Ne5 Bxe5
16.fxe5 Qc7 17.Qb3 Nd5 18.Ne4 Kb8 19.c4 Ne7 20.Bb4 Nc8 21.Rhf1 f6 22.exf6 gxf6
23.Nxf6 Nxf6 24.Rxf6 Qg7 25.Rg6 Qf7 26.Qg3+ Qc7 27.Qxc7+ Kxc7 28.Rxe6 Rdg8
29.Re2 Rg5 30.Rh1 Rg4 31.b3 Rhg8 32.Bd2 Rxg2 33.Rxg2 Rxg2 34.Bxh6 Rxa2 35.Bf4+
Kd7 36.Kb1 Rf2 37.h6 Rxf4 38.h7 Rf8 39.h8=Q Rxh8 40.Rxh8 Ne7 41.Rh7 Kd6 42.Kc2
b5 43.Rh5 a6 44.Kc3 bxc4 45.bxc4 Kc7 46.Kb4 Nc8 47.Kc5 {#r} 1-0

[Event "It (open)"]
[Site "Olomouc (Czech Republic)"]
[Date "2007.08.06"]
[Round "6"]
[White "Jurcik Martin (SVK)"]
[Black "Zavurka Roman (CZE)"]
[Result "1/2-1/2"]
[WhiteElo "2294"]
[BlackElo "2170"]

1.e4 c6 2.d4 d5 3.Nd2 dxe4 4.Nxe4 Bf5 5.Ng3 Bg6 6.h4 h6 7.f4 e6 8.Nf3 Nd7 9.h5
Bh7 10.Bd3 Bxd3 11.Qxd3 Ngf6 12.Bd2 Bd6 13.O-O-O Qc7 14.Ne5 O-O 15.Ne4 c5
16.Nxd6 Qxd6 17.dxc5 Qc7 18.c6 bxc6 19.Nxd7 Nxd7 20.g4 f5 21.g5 Kh7 22.Rhg1
hxg5 23.fxg5 Ne5 24.Qg3 f4 25.Qh3 Rf5 26.Bc3 Rd8 27.g6+ Kh6 28.Rde1 {#d}
1/2-1/2

[Event "It (open)"]
[Site "Stare Mesto (Czech Republic)"]
[Date "2007.08.12"]
[Round "3"]
[White "Rakay Kvetoslav (SVK)"]
[Black "Brokken Dennis (NED)"]
[Result "1/2-1/2"]
[WhiteElo "2114"]
[BlackElo "2266"]

1.e4 c6 2.d4 d5 3.Nc3 dxe4 4.Nxe4 Bf5 5.Ng3 Bg6 6.h4 h6 7.f4 e6 8.h5 Bh7 9.Nf3
Qc7 10.Bd3 Bxd3 11.Qxd3 Nd7 12.Bd2 Bd6 13.Ne5 Ne7 14.O-O-O Rd8 15.Qf3 O-O
16.Ne4 f5 17.Nxd6 Qxd6 18.Qb3 Nxe5 19.dxe5 Qd5 20.Bb4 Qxb3 21.axb3 Kf7 22.Bxe7
Kxe7 23.Rxd8 Rxd8 24.Rd1 Rg8 25.Rd3 g5 26.Rg3 Kf7 27.Kd2 Rd8+ 28.Rd3 Rxd3+
29.Kxd3 gxf4 30.b4 Ke7 31.Kd4 Kd7 32.c4 Kc7 33.c5 b6 34.Kc4 Kb7 35.Kb3 Kb8
36.Kc3 Kc7 37.Kc4 Kb7 38.Kb3 Ka6 39.Kc4 f3 40.gxf3 f4 41.b3 Kb7 {#d} 1/2-1/2

[Event "Ch Wuerttemberg (b)"]
[Site "Tuebingen (Germany)"]
[Round "7"]
[White "Haist Winfried (GER)"]
[Black "Ruprich Udo (GER)"]
[Result "1-0"]
[WhiteElo "2139"]
[BlackElo "2053"]

1.e4 c6 2.d4 d5 3.Nc3 dxe4 4.Nxe4 Bf5 5.Ng3 Bg6 6.h4 h6 7.f4 e6 8.Nf3 Nd7
9.Bc4 Qc7 10.Qe2 O-O-O 11.c3 Bd6 12.Ne5 Bxe5 13.fxe5 Nb6 14.Bb3 Ne7 15.Ne4
Bxe4 16.Qxe4 Ned5 17.Rh3 Kb8 18.Bd2 Qe7 19.O-O-O Rhe8 20.a3 f5 21.exf6 Nxf6
22.Bf4+ Ka8 23.Qg6 Nbd5 24.Be5 Rd7 25.Re1 Qf7 26.Bc2 Rf8 27.Rf3 Qg8 28.Ref1
Rdf7 29.Bd6 Rd8 30.Qg3 Rfd7 31.Be5 a6 32.Qh3 Re7 33.Bg6 Red7 34.g4 Ne7 35.Bc2
Nfd5 36.R1f2 g5 37.hxg5 Qxg5+ 38.Kb1 Rg8 39.c4 Nb6 40.Rf8+ Ka7 41.Bb8+ Ka8
42.Bf4+ Rxf8 43.Bxg5 Rxf2 44.Qxh6 Nec8 45.c5 Nd5 46.Qxe6 Rff7 47.Bf5 Kb8
48.Bh4 Nc7 49.Bg3 Rfe7 50.Qxd7 Rxd7 51.Bxd7 Ne7 52.g5 Ng6 53.Be8 Ne7 54.g6 Nf5
55.Be5 Kc8 56.Bf7 Kd7 57.g7 {#r} 1-0

[Event "Tournament (Elo)"]
[Site "Ulan Ude (Russia)"]
[Date "2007.09.18"]
[Round "2"]
[White "Badmatsyrenov Oleg (RUS)"]
[Black "Barlakov Arsalan (RUS)"]
[Result "1-0"]
[WhiteElo "2300"]
[BlackElo "2295"]

1.e4 c6 2.d4 d5 3.Nd2 dxe4 4.Nxe4 Bf5 5.Ng3 Bg6 6.h4 h6 7.f4 e6 8.Nf3 Nd7 9.h5
Bh7 10.Bd3 Bxd3 11.Qxd3 Ngf6 12.Be3 Qa5+ 13.Bd2 Bb4 14.c3 Be7 15.Ne5 c5 16.a3
Rd8 17.O-O-O cxd4 18.cxd4 Qd5 19.Kb1 O-O 20.Bc3 Nxe5 21.fxe5 Nd7 22.Qe2 Rc8
23.Ne4 Rc4 24.Rh3 Rfc8 25.g4 Nb6 26.g5 hxg5 27.h6 g6 28.h7+ Kh8 29.Bb4 Bxb4
30.Nxg5 Qd7 31.Qf2 Nd5 32.Nxf7+ Kg7 33.h8=Q+ Rxh8 34.Nxh8 Rc8 35.Nxg6 {#r} 1-0

[Event "Ch Montenegro (team) (1 liga)"]
[Site "Podgorica (Montenegro)"]
[Date "2007.10.14"]
[Round "6"]
[White "Marinkovic Slavisa (SRB)"]
[Black "Darmanovic Srdjan (MNE)"]
[Result "1/2-1/2"]
[WhiteElo "2373"]
[BlackElo "2199"]

1.e4 c6 2.d4 d5 3.Nc3 dxe4 4.Nxe4 Bf5 5.Ng3 Bg6 6.h4 h6 7.f4 e6 8.Nf3 Bd6 9.h5
Bh7 10.Bd3 Bxd3 11.Qxd3 Nf6 12.Bd2 Qc7 13.Ne5 Nbd7 14.O-O-O Rd8 15.Qf3 O-O
16.Rhe1 c5 17.dxc5 Nxc5 18.Kb1 Be7 19.b3 Rd5 20.c4 Rd6 21.Bc3 Rxd1+ 22.Rxd1
Rd8 23.Rxd8+ Qxd8 24.f5 exf5 25.Nxf5 Nce4 26.Kc2 Bf8 27.Ng4 Nxc3 28.Nfxh6+
gxh6 29.Nxf6+ Kh8 30.Qf5 Qd1+ 31.Kxc3 Qc1+ 32.Kd4 Qd2+ 33.Ke4 Qxg2+ 34.Kd3
Qg3+ {#d} 1/2-1/2

[Event "Ch Gironh"]
[Site "Sant Gregori (Spain)"]
[Date "2007.11.04"]
[Round "5"]
[White "Pruja Ramirez De Cartagena Marc (ESP)"]
[Black "Montpart Pons Jordi (ESP)"]
[Result "0-1"]
[WhiteElo "2002"]
[BlackElo "1990"]

1.e4 c6 2.d4 d5 3.Nc3 dxe4 4.Nxe4 Bf5 5.Ng3 Bg6 6.h4 h6 7.f4 e6 8.Nf3 Nd7 9.h5
Bh7 10.Bd3 Bxd3 11.Qxd3 Ngf6 12.Bd2 Qb6 13.O-O-O O-O-O 14.Qe2 Re8 15.Ne5 Nxe5
16.fxe5 Nd5 17.c4 Nc7 18.Be3 Qa6 19.Kb1 Be7 20.Qc2 Kb8 21.Ne4 Rd8 22.Rd3 b6
23.Bf4 Ka8 24.Rhd1 Rd7 25.Bg3 Qb7 26.Qf2 Rf8 27.Rf3 c5 28.Nd6 Bxd6 29.exd6
Qe4+ 30.Ka1 Na6 31.Rf4 Qc6 32.d5 exd5 33.Rxd5 Nb4 34.Rd2 Rxd6 35.Rxd6 Qxd6
36.Qf3+ Qc6 37.Rxf7 Rxf7 38.Qxf7 Qxg2 39.Qf8+ Kb7 40.Qxg7+ Ka6 41.Qc3 Qf1+
42.Be1 Nd3 43.a3 Qxe1+ 44.Qxe1 Nxe1 45.Kb1 Ng2 46.Kc2 Nf4 47.Kd2 Nxh5 48.Ke3
Ng7 49.b3 Kb7 50.Kf4 h5 51.Kg5 Kc6 52.Kh4 Kd6 53.Kg5 Ke5 54.Kh4 Kd4 55.b4 cxb4
56.axb4 Kxc4 {#R} 0-1

[Event "Ch City (juniors) (under 16)"]
[Site "St. Petersburg (Russia)"]
[Date "2007.11.12"]
[Round "8"]
[White "Abramichev Artyom (RUS)"]
[Black "Shpartko Grigory (RUS)"]
[Result "0-1"]
[WhiteElo "2014"]
[BlackElo "2102"]

1.e4 c6 2.d4 d5 3.Nc3 dxe4 4.Nxe4 Bf5 5.Ng3 Bg6 6.h4 h6 7.f4 Qc7 8.Nf3 Nd7
9.Be2 e6 10.Be3 Bd6 11.Qd2 O-O-O 12.O-O-O Ngf6 13.Ne5 Nxe5 14.dxe5 Bxe5 15.Qb4
Bd6 16.Qa4 Nd5 17.Bd2 Bxf4 18.Nf1 b6 19.g3 Bxd2+ 20.Rxd2 b5 {#R} 0-1

[Event "It (cat.8)"]
[Site "Obninsk (Russia)"]
[Date "2007.12.15"]
[Round "2"]
[White "Kuzmin Gennadi P (UKR)"]
[Black "Bets Anatolij (MDA)"]
[Result "1-0"]
[WhiteElo "2465"]
[BlackElo "2346"]

1.e4 c6 2.d4 d5 3.Nc3 dxe4 4.Nxe4 Bf5 5.Ng3 Bg6 6.h4 h6 7.f4 e6 8.Nf3 Nd7 9.h5
Bh7 10.Bd3 Bxd3 11.Qxd3 Ngf6 12.Bd2 Bd6 13.O-O-O Qc7 14.Ne5 Rd8 15.Ne4 Nxe4
16.Qxe4 f5 17.Qe2 Bxe5 18.fxe5 c5 19.g4 cxd4 20.gxf5 Rc8 21.Bb4 Qxe5 22.Rhe1
Qf4+ 23.Kb1 e5 24.Qg2 Qxf5 25.Rxd4 g5 26.Rxd7 Qxd7 27.Rxe5+ Kf7 28.Qf3+ Kg7
29.Re7+ {#r} 1-0

[Event "Memorial T.Petrosian (juniors)"]
[Site "Moscow (Russia)"]
[Round "4"]
[White "Piskun Alexey (RUS)"]
[Black "Eliseev Urii (RUS)"]
[Result "1/2-1/2"]
[WhiteElo "2117"]
[BlackElo "2268"]

1.e4 c6 2.d4 d5 3.Nd2 dxe4 4.Nxe4 Bf5 5.Ng3 Bg6 6.h4 h6 7.f4 Nd7 8.Nf3 Qb6
9.h5 Bh7 10.Bd3 Bxd3 11.Qxd3 O-O-O 12.Qb3 e6 13.Bd2 Ngf6 14.O-O-O Qxb3 15.axb3
Bd6 16.Ne5 Rhf8 17.b4 Nd5 18.c3 f6 19.Ng6 Rfe8 20.Ne4 Bc7 21.g4 Nf8 22.Nxf8
Rxf8 23.Rhf1 b6 24.f5 e5 25.c4 Ne7 26.dxe5 Bxe5 27.Bc3 Bxc3 28.bxc3 Kc7 29.Kc2
Nc8 30.c5 Rxd1 31.Rxd1 Re8 32.Rd4 Rd8 33.Kd3 Rd7 34.cxb6+ axb6 35.Nf2 Rxd4+
36.Kxd4 Nd6 37.c4 Nf7 38.Nd3 Kd7 39.c5 b5 40.Ke4 Nd8 41.Nc1 Nf7 42.Nd3 Nd8
43.Nc1 Nf7 44.Nd3 {#d} 1/2-1/2

[Event "Ch City"]
[Site "Reykjavik (Iceland)"]
[Date "2008.01.09"]
[Round "2"]
[White "Danielsen Henrik (ISL)"]
[Black "Ragnarsson Johann (ISL)"]
[Result "1-0"]
[WhiteElo "2492"]
[BlackElo "2159"]

1.e4 c6 2.d4 d5 3.Nd2 dxe4 4.Nxe4 Bf5 5.Ng3 Bg6 6.h4 h6 7.f4 Nf6 8.h5 Bh7
9.Nf3 e6 10.Bd3 Bxd3 11.Qxd3 Nbd7 12.Be3 Nd5 13.O-O-O N7f6 14.Ne5 Qc7 15.Bd2
O-O-O 16.c4 Nb4 17.Qb3 Na6 18.Bc3 c5 19.Qb5 Nb4 20.Kb1 Nc6 21.dxc5 a6 22.Qb6
Qxb6 23.cxb6 Rxd1+ 24.Rxd1 Nxe5 25.fxe5 Nd7 26.Rf1 Nxb6 27.b3 Bc5 28.Ne4 Ba3
29.Rxf7 Rf8 30.Rxg7 Rf5 31.g4 Rf3 32.g5 Bf8 33.gxh6 {#r} 1-0

[Event "Bundesliga 2007/08 (w)"]
[Site "Germany"]
[Date "2008.01.13"]
[Round "5"]
[White "Szczepkowska Karina (POL)"]
[Black "Fuchs Judith (GER)"]
[Result "1/2-1/2"]
[WhiteElo "2273"]
[BlackElo "2238"]

1.e4 c6 2.d4 d5 3.Nd2 dxe4 4.Nxe4 Bf5 5.Ng3 Bg6 6.h4 h6 7.f4 e6 8.Nf3 Nd7 9.h5
Bh7 10.Bd3 Bxd3 11.Qxd3 Ngf6 12.Bd2 Qc7 13.O-O-O O-O-O 14.Qe2 c5 15.Ne5 Nxe5
16.dxe5 Nd5 17.c4 Nb4 18.Bxb4 cxb4 19.Rxd8+ Qxd8 20.Rd1 Qc7 21.Ne4 Be7 22.b3
Rd8 23.Rxd8+ Qxd8 24.Qd2 Qc7 25.Qd4 b6 26.Nd2 Kb8 27.Kc2 f6 28.g4 fxe5 29.fxe5
Qc6 30.Qf2 Bg5 31.Qf8+ Kb7 32.Qf7+ Ka6 33.Qf3 Qc5 34.Qe4 Bxd2 35.Kxd2 Qf2+
36.Qe2 {#d} 1/2-1/2

[Event "Tournament (juniors)"]
[Site "Bydgoszcz (Poland)"]
[Date "2008.01.29"]
[Round "5"]
[White "Mazalon Mateusz (POL)"]
[Black "Nowacki Krzysztof (POL)"]
[Result "1-0"]
[WhiteElo "1717"]
[BlackElo "1672"]

1.e4 c6 2.d4 d5 3.Nd2 dxe4 4.Nxe4 Bf5 5.Ng3 Bg6 6.h4 h6 7.f4 e6 8.Nf3 Bd6 9.h5
Bh7 10.Bd3 Bxd3 11.Qxd3 Nf6 12.Bd2 Qc7 13.Ne5 Nbd7 14.O-O-O Rf8 15.Rhe1 O-O-O
16.Kb1 Nd5 17.c4 Ne7 18.Qe3 c5 19.Bc3 Nb6 20.Nxf7 Rd7 21.Qxe6 Bxf4 22.dxc5
Qxc5 23.Rxd7 Nxd7 24.Qxe7 Bxg3 25.Qxc5+ Nxc5 26.Rf1 Ne6 27.Rf3 Bc7 28.Bb4 Re8
29.Nd6+ Bxd6 30.Bxd6 Kd7 31.c5 Ng5 32.Rg3 Rc8 33.b4 Re8 34.Bf4 Ne6 35.Be5 Re7
36.Rg6 Kc6 37.Bxg7 Rxg7 38.Rxe6+ Kd5 39.Rg6 Rh7 40.Kc2 Kc4 41.a3 a5 42.Rg4+
Kb5 43.Kb3 b6 44.a4+ Ka6 45.Rg6 axb4 46.Rxb6+ Ka7 47.Kxb4 {#r} 1-0

[Event "It (open)"]
[Site "Selestat (France)"]
[Round "3"]
[White "Ninov Nikolai (BUL)"]
[Black "Reinhart Emmanuel (FRA)"]
[Result "1-0"]
[WhiteElo "2528"]
[BlackElo "2329"]

1.e4 c6 2.d4 d5 3.Nc3 dxe4 4.Nxe4 Bf5 5.Ng3 Bg6 6.h4 h6 7.f4 e6 8.Nf3 Nd7 9.h5
Bh7 10.Bd3 Bxd3 11.Qxd3 Qa5+ 12.Bd2 Bb4 13.Ne4 Ngf6 14.Nd6+ Ke7 15.Nc4 Bxd2+
16.Nfxd2 Qc7 17.O-O-O Rhd8 18.f5 exf5 19.Qxf5 Kf8 20.g4 Nd5 21.Rdf1 N7f6 22.g5
hxg5 23.h6 g6 24.Qxg5 Qe7 25.Ne5 Kg8 26.c4 Nh7 27.Qxe7 Nxe7 28.Rxf7 Re8
29.Rg7+ Kh8 30.Nf7# 1-0

[Event "Ch Poland (juniors) (under 12)"]
[Site "Ustron (Poland)"]
[Date "2008.03.08"]
[Round "1"]
[White "Mazalon Mateusz (POL)"]
[Black "Brzechffa Szymon (POL)"]
[Result "1-0"]
[WhiteElo "1717"]
[BlackElo "1615"]

1.e4 c6 2.d4 d5 3.Nd2 dxe4 4.Nxe4 Bf5 5.Ng3 Bg6 6.h4 h6 7.f4 e6 8.Nf3 Nd7 9.h5
Bh7 10.Bd3 Bxd3 11.Qxd3 Ngf6 12.Bd2 Be7 13.O-O-O Nd5 14.c4 Nb4 15.Qb3 c5 16.a3
Nc6 17.d5 exd5 18.cxd5 Nd4 19.Nxd4 cxd4 20.Nf5 O-O 21.Qg3 Bf6 22.Nxh6+ Kh8
23.Nf5 Nb6 24.h6 Qc8+ 25.Bc3 g6 26.Nxd4 Nxd5 27.Rhf1 Bxd4 28.Rxd4 Nxc3 29.bxc3
Rd8 30.Qd3 Kh7 31.f5 Kxh6 32.Rh4+ Kg7 33.f6+ Kg8 34.Rfh1 {#r} 1-0

[Event "Ch Poland (juniors) (under 12)"]
[Site "Ustron (Poland)"]
[Date "2008.03.10"]
[Round "3"]
[White "Smolka Marcin (POL)"]
[Black "Chmielarz Maciej (POL)"]
[Result "1-0"]
[WhiteElo "1825"]
[BlackElo "1824"]

1.e4 c6 2.d4 d5 3.Nc3 dxe4 4.Nxe4 Bf5 5.Ng3 Bg6 6.h4 h6 7.f4 Qc7 8.Nf3 Nf6
9.Ne5 Bh7 10.Bd3 Bxd3 11.Qxd3 e6 12.Bd2 Nbd7 13.O-O-O O-O-O 14.Nxf7 Nc5 15.Qg6
Rxd4 16.Nxh8 Rd7 17.Be3 {#r} 1-0

[Event "Ch Poland (juniors) (under 12)"]
[Site "Ustron (Poland)"]
[Date "2008.03.11"]
[Round "5"]
[White "Miskiewicz Kamil (POL)"]
[Black "Chmielarz Maciej (POL)"]
[Result "1-0"]
[WhiteElo "1731"]
[BlackElo "1824"]

1.e4 c6 2.d4 d5 3.Nd2 dxe4 4.Nxe4 Bf5 5.Ng3 Bg6 6.h4 h6 7.f4 Qc7 8.Nf3 Nf6
9.h5 Bh7 10.Bd3 Bxd3 11.Qxd3 Nbd7 12.Ne5 Nxe5 13.fxe5 Nd7 14.Rf1 O-O-O 15.Rxf7
Kb8 16.Bf4 e6 17.O-O-O Qa5 18.Qb3 Qd5 19.c4 Qxg2 20.a4 Rg8 21.Rd2 Qg1+ 22.Kc2
g5 23.hxg6 Rxg6 24.d5 cxd5 25.Qb5 a6 26.Qa5 Rc8 27.Rxd7 Rxc4+ 28.Kb3 Bb4
29.Qd8+ Ka7 30.Rd3 Qf2 31.Be3+ {#r} 1-0

[Event "It \"]
[Site "Nice (France)"]
[Date "2008.03.18"]
[Round "4"]
[White "Mamedyarov Shakhriyar (AZE)"]
[Black "Topalov Veselin (BUL)"]
[Result "0-1"]
[WhiteElo "2731"]
[BlackElo "2791"]

{ Mamedyarov Shakhriyar (AZE) +1 =0 -0 Topalov Veselin (BUL) +0 =1 -0 } 1.e4
c6 2.d4 d5 3.Nd2 dxe4 4.Nxe4 Bf5 5.Ng3 Bg6 6.h4 h6 7.f4 e6 8.Nf3 Nd7 9.h5 Bh7
10.Bd3 Bxd3 11.Qxd3 Ngf6 12.Bd2 Qc7 13.O-O-O c5 { ?/= } ( 13...O-O-O 14.Qe2 c5
15.Ne5 Nb6 16.dxc5 Bxc5 17.Ne4 Bd4 18.Bb4 Nxe4 19.Qxe4 f5 20.Qe2 Rhe8 21.Rhe1
Rd5 22.g3 a5 23.Ba3 Bxe5 24.fxe5 Nc4 25.Bd6 Nxd6 26.exd6 Qxd6 27.Rxd5 Qxd5
28.Rd1 Qxa2 29.Rd3 e5 30.Rc3+ Kb8 31.Qb5 Qe6 32.Qxa5 Rc8 33.Ra3 { ...1/2-1/2,
Adamski Michal 2220 - Wojtaszek Radoslaw 2614 , Krynica 1998 Ch Poland
(juniors) (under 12) } ) 14.dxc5 ( 14.Ne5 cxd4 15.Qxd4 Bc5 16.Qc4 O-O 17.Nxd7
Nxd7 18.Ne4 Rfc8 19.g4 Be7 20.Qxc7 Rxc7 21.Bc3 Nf6 22.Bxf6 Bxf6 23.Rhe1 Rac8
24.Re2 Be7 25.Kb1 Rd8 26.Rxd8+ Bxd8 27.Rd2 Bh4 28.b3 f5 29.gxf5 exf5 30.Nd6 {
1/2-1/2, Almasi Zoltan 2655 - Magem Badals Jordi 2570 , Buenos Aires 1996 It
(cat.13) } ) ( 14.Kb1 Bd6 { +0.00 CAP } ) 14...Bxc5 { -0.76 CAP } 15.Qe2 { N }
( 15.Ne4 O-O-O 16.Nxf6 ( 16.Kb1 Ne5 17.fxe5 Rxd3 18.cxd3 Nxe4 19.dxe4 Kb8
20.Rc1 Qc6 21.Ka1 Qb5 22.a3 Rd8 23.Rc2 b6 24.Rhc1 Qd3 25.Rc4 Rd7 26.Be1 Kb7
27.Ka2 Be7 28.R1c3 Qf1 29.Rc2 Qh1 30.Bf2 Qxg2 31.Bxb6 Qxf3 32.Bg1 Qxh5 33.R2c3
Bd8 34.Rb3+ Bb6 { ...0-1, Brustman Agnieszka 2342 - Volzhin Alexander 2556 ,
Stockholm 2000 Cup Rilton } ) 16...Nxf6 17.Qe2 Ng4 18.Rhf1 Rd5 19.Ne5 Nxe5
20.fxe5 Bd4 21.Be3 Bxe3+ 22.Qxe3 Rxe5 23.Qxa7 Ra5 24.Qd4 f5 25.a3 Kb8 26.Qd6
Re8 27.Rfe1 Ra6 28.Qxc7+ Kxc7 29.Re5 g6 30.Rde1 Kd7 31.hxg6 Rg8 32.Rb5 b6
33.Re3 Rxg6 34.g3 Kc6 { ...1/2-1/2, Kaminski Marcin 2530 - Almasi Zoltan 2650
, Krynica 1998 Zt } ) ( 15.Kb1 O-O 16.Ne4 Nxe4 17.Qxe4 Nf6 18.Qe2 Rac8 19.Ne5
Be7 20.Rc1 Qb6 21.Rh3 Rfd8 22.g4 Qd4 23.Rd3 Qe4 24.Qxe4 Nxe4 25.Be3 Rxd3
26.Nxd3 a6 27.c4 f5 28.gxf5 exf5 29.c5 Bf6 30.Rc2 { 1/2-1/2, Kadziolka Beata
2346 - Kasparova Tatiana 2224 , Pardubice 27. 7.2006 It (open) } ) ( 15.Ne5
Rd8 16.Qe2 O-O 17.Nd3 Bd6 18.Kb1 Nc5 19.Nxc5 Bxc5 20.Rdf1 Bd4 21.Bc1 Nd5
22.Rf3 Rfe8 23.Re1 Nf6 24.Ne4 Qc6 25.Nxf6+ Bxf6 26.Ref1 e5 27.fxe5 Rxe5 28.Qf2
Rxh5 29.g4 Rb5 30.Rb3 a6 31.a4 Rxb3 32.cxb3 Qe4+ 33.Ka2 Rc8 34.Re1 Qxg4 {
...0-1, Aagaard Jacob 2255 - Navarovszky Laszlo 2295 , Budapest 1995 It
(cat.2) } ) 15...O-O 16.Ne5 Rac8 17.Kb1 Bd6 18.Bc3 Nb6 19.Bd4 Nbd5 20.Ne4 { ?!
} ( 20.Rhf1 { !? } 20...Rfd8 21.Rde1 Bc5 22.Bxc5 Qxc5 23.c4 Nb4 24.Rd1 Rd4
25.a3 Nc6 26.b4 Qd6 { } ) 20...Nxe4 21.Qxe4 f5 22.Qf3 Qxc2+ 23.Ka1 Qa4 24.Kb1
Qc2+ 25.Ka1 Nb4 26.Bc3 { ?! } ( 26.a3 { !? } 26...Qa4 27.Kb1 Bxe5 28.Bxe5 Nd5
29.Qg3 Rf7 30.Rd2 { } ) 26...Bxe5 27.fxe5 Nxa2 28.Rd2 Qa4 { } {#R} 0-1

[Event "It \"]
[Site "Stockholm (Sweden)"]
[Date "2008.03.23"]
[Round "4"]
[White "Szczepkowska Karina (POL)"]
[Black "Pavlovskaia Evgenia (SWE)"]
[Result "1/2-1/2"]
[WhiteElo "2273"]
[BlackElo "2197"]

1.e4 c6 2.d4 d5 3.Nd2 dxe4 4.Nxe4 Bf5 5.Ng3 Bg6 6.h4 h6 7.f4 e6 8.Nf3 Nd7 9.h5
Bh7 10.Bd3 Bxd3 11.Qxd3 Ngf6 12.Bd2 Qc7 13.Qe2 O-O-O 14.O-O-O c5 15.Ne5 Nxe5
16.dxe5 Nd5 17.c4 Nb6 18.Ne4 Rd4 19.b3 Be7 20.Bc3 Rxd1+ 21.Rxd1 Rd8 22.g3
Rxd1+ 23.Qxd1 Qd8 24.Qxd8+ Kxd8 25.Ba5 Kc7 26.b4 cxb4 27.c5 Kc6 28.Bxb4 Nd7
29.Nd6 f6 30.Bc3 fxe5 31.Bxe5 Nxe5 32.fxe5 Kxc5 33.Ne8 Kd4 34.Nxg7 Kxe5 35.Kd2
Kf6 36.Ne8+ Kg5 37.Ng7 Kg4 38.Ke3 Bd6 39.Nxe6 Bxg3 40.Ke4 Be1 41.Nd8 b6 42.Nc6
a5 43.Ne5+ Kxh5 44.Kf5 b5 45.Nc6 Bc3 46.Ke4 Kg5 47.Kd3 Bb4 48.Nd4 h5 49.Ke2
Kf4 50.Nxb5 Kg3 51.Kf1 Bc5 52.Nc3 Bb6 53.Ne4+ Kf3 54.Nd2+ Kf4 55.Nc4 Bc7
56.Kg2 h4 57.Nxa5 {#d} 1/2-1/2

[Event "It (cat.10)"]
[Site "Alushta (Ukraine)"]
[Round "3"]
[White "Alikhanov Felix (RUS)"]
[Black "Itkis Boris (ROM)"]
[Result "1/2-1/2"]
[WhiteElo "2437"]
[BlackElo "2413"]

1.e4 c6 2.d4 d5 3.Nd2 dxe4 4.Nxe4 Bf5 5.Ng3 Bg6 6.h4 h6 7.f4 e6 8.Nf3 Nd7 9.h5
Bh7 10.Bd3 Bxd3 11.Qxd3 Qc7 12.Bd2 O-O-O 13.Qe2 c5 14.Ne5 Nb6 15.dxc5 Bxc5
16.O-O-O Nf6 17.Kb1 Bd4 18.Rhf1 Kb8 19.c3 Bc5 20.Bc1 Bd6 21.Rd3 Nfd5 22.Rd4
Bc5 23.Rd3 Bd6 24.Rd4 Bc5 25.Rdd1 Bd6 26.c4 Nb4 27.b3 Bxe5 28.fxe5 Nc6 29.Bb2
Rxd1+ 30.Rxd1 Rd8 31.Rf1 f5 32.exf6 Qxg3 33.fxg7 Nd7 {#d} 1/2-1/2

[Event "It (cat.7)"]
[Site "Budapest (Hungary)"]
[Date "2008.06.10"]
[Round "4"]
[White "Fogarasi Tibor (HUN)"]
[Black "Wang Puchen (NZL)"]
[Result "1/2-1/2"]
[WhiteElo "2426"]
[BlackElo "2450"]

1.e4 c6 2.d4 d5 3.Nc3 dxe4 4.Nxe4 Bf5 5.Ng3 Bg6 6.h4 h6 7.f4 e6 8.Nf3 Bd6
9.Ne5 Ne7 10.c3 Nd7 11.Qf3 Nxe5 12.fxe5 Bc7 13.h5 Bh7 14.Bc4 Nf5 15.Nxf5 Bxf5
16.g4 Bh7 17.Be3 Qe7 18.O-O-O O-O-O 19.Rhf1 Rhf8 20.Qg2 Kb8 21.g5 hxg5 22.Bxg5
f6 23.Bh4 c5 24.h6 g5 25.exf6 Qf7 26.Bg3 cxd4 27.Qh2 Bxg3 28.Qxg3+ Ka8 29.Qe5
dxc3 30.Rxd8+ Rxd8 31.Bxe6 cxb2+ 32.Kxb2 Qf8 33.Bb3 Re8 34.Qd4 Rd8 35.Qe5 Re8
36.Qd4 {#d} 1/2-1/2

[Event "It \"]
[Site "Pardubice (Czech Republic)"]
[Date "2008.07.12"]
[Round "2"]
[White "Piskun Alexey (RUS)"]
[Black "Paichadze Luka (GEO)"]
[Result "1-0"]
[WhiteElo "2117"]
[BlackElo "2437"]

1.e4 c6 2.d4 d5 3.Nd2 dxe4 4.Nxe4 Bf5 5.Ng3 Bg6 6.h4 h6 7.f4 e6 8.Nf3 Nd7 9.h5
Bh7 10.Bd3 Bxd3 11.Qxd3 Ngf6 12.Be3 Qa5+ 13.Bd2 Bb4 14.c3 Bd6 15.Ne5 Rd8
16.Qf3 O-O 17.O-O Qc7 18.b4 Nd5 19.Ne4 f5 20.Nf2 Nxe5 21.fxe5 Be7 22.Nd3 Bg5
23.Bxg5 hxg5 24.g4 b6 25.Rac1 Qd7 26.Rf2 Rf7 27.c4 Ne7 28.Rd1 Rdf8 29.Qe3 fxg4
30.Rxf7 Rxf7 31.Nf2 Rf4 32.Ne4 Nf5 33.Qd3 Qe8 34.d5 {#r} 1-0

[Event "Ch Bulgaria (w) (open)"]
[Site "Vratsa (Bulgaria)"]
[Date "2008.07.25"]
[Round "1"]
[White "Nikolova Adriana (BUL)"]
[Black "Vladimirova Maria (BUL)"]
[Result "1-0"]
[WhiteElo "2281"]
[BlackElo "2038"]

1.e4 c6 2.d4 d5 3.Nc3 dxe4 4.Nxe4 Bf5 5.Ng3 Bg6 6.h4 h6 7.f4 e6 8.Nf3 Nd7 9.h5
Bh7 10.Bd3 Bxd3 11.Qxd3 Qc7 12.Ne5 Nxe5 13.dxe5 Rd8 14.Qe2 Ne7 15.O-O Nf5
16.Nxf5 exf5 17.Be3 Be7 18.g4 Qd7 19.Rad1 Qe6 20.Rxd8+ Bxd8 21.gxf5 Qxf5
22.Bxa7 g6 23.hxg6 Rg8 24.Rf3 Qxg6+ 25.Kf1 b6 26.Qh2 Bh4 27.Bxb6 Qg4 28.Qh3
Bg3 29.Rxg3 Qxf4+ 30.Bf2 {#r} 1-0

[Event "Ch Commonwealth"]
[Site "Nagpur (India)"]
[Date "2008.09.29"]
[Round "2"]
[White "Shyam Sundar M (IND)"]
[Black "Gagare Shalmali (IND)"]
[Result "1-0"]
[WhiteElo "2402"]
[BlackElo "2110"]

1.e4 c6 2.d4 d5 3.Nc3 dxe4 4.Nxe4 Bf5 5.Ng3 Bg6 6.h4 h6 7.f4 e6 8.Nf3 Nd7 9.h5
Bh7 10.Bd3 Bxd3 11.Qxd3 Ngf6 12.Bd2 Qc7 13.O-O-O Bd6 14.Ne5 Rf8 15.Qb3 O-O-O
16.Qa4 Kb8 17.Ba5 Nb6 18.Qb3 c5 19.Ne2 cxd4 20.Nxd4 Bxe5 21.fxe5 Qxe5 22.Bxb6
axb6 23.Qxb6 Rc8 24.Nb5 Qc5 25.Qd6+ Qxd6 26.Rxd6 Rfd8 27.Rf1 Nd5 28.Rxd8 Rxd8
29.c4 Rc8 30.b3 Nf6 31.a4 Rc5 32.Kb2 Kc8 33.Nd6+ Kc7 34.Nb5+ Kc8 35.a5 Rxh5
36.Nd6+ Kc7 37.b4 Rh2 38.Rf2 h5 39.Nxf7 Ne4 40.Re2 Ng3 41.Rc2 Nf5 42.Ng5 Ne3
43.Re2 Rxg2 44.Nxe6+ Kd6 45.Rxg2 Nxg2 46.Nxg7 h4 47.Nh5 Ke5 48.b5 Kd6 49.Kc3
Kc5 50.Nf6 Kd6 51.Ne4+ Kc7 52.Nf2 Nf4 53.Kd4 Ne2+ 54.Kc5 Nf4 55.b6+ Kd7 56.Kb5
Kc8 57.a6 bxa6+ 58.Kxa6 Kb8 59.c5 Ne6 60.c6 Nd4 61.c7+ Kc8 62.Ne4 Nf5 63.Ka7
h3 64.b7+ {#r} 1-0

[Event "World Mindsports Games (Blitz Team)"]
[Site "Beijing (China)"]
[Date "2008.10.13"]
[Round "5"]
[White "Martin Del Campo Roberto (MEX)"]
[Black "Ruck Robert (HUN)"]
[Result "1/2-1/2"]
[WhiteElo "2420"]
[BlackElo "2574"]

1.e4 c6 2.d4 d5 3.Nd2 dxe4 4.Nxe4 Bf5 5.Ng3 Bg6 6.h4 h6 7.f4 e6 8.Nf3 Nd7 9.h5
Bh7 10.Bd3 Bxd3 11.Qxd3 Ngf6 12.Bd2 Qc7 13.Ne4 O-O-O 14.O-O-O c5 15.Kb1 c4
16.Qe2 Nxe4 17.Qxe4 Nf6 18.Qe2 Bd6 19.Ne5 Bxe5 20.fxe5 Nd5 21.c3 Kb8 22.Rdf1
Rd7 23.Rh3 b5 24.Rg3 f5 25.Rg6 Re8 26.g4 f4 27.Bxf4 a5 28.Bd2 Rf7 29.g5 Ref8
30.Rxf7 Qxf7 31.gxh6 Qf5+ 32.Kc1 gxh6 33.Rxh6 Rg8 34.Rg6 Rxg6 35.hxg6 Qxg6
36.Qf2 Kb7 37.a3 Kc6 38.Qf8 Qg1+ 39.Kc2 Qg6+ 40.Kc1 Qg1+ 41.Kc2 Qg6+ {#d}
1/2-1/2

[Event "Ch Slovenia (team) (1 liga)"]
[Site "Celje (Slovenia)"]
[Date "2008.12.13"]
[Round "3"]
[White "Gazvoda Franc (SLO)"]
[Black "Kodela Matjaz (SLO)"]
[Result "1-0"]
[WhiteElo "2042"]
[BlackElo "2025"]

1.e4 c6 2.d4 d5 3.Nc3 dxe4 4.Nxe4 Bf5 5.Ng3 Bg6 6.h4 h6 7.f4 e6 8.h5 Bh7 9.Nf3
Bd6 10.Bd3 Bxd3 11.Qxd3 Ne7 12.Ne4 Bc7 13.Bd2 Nd7 14.O-O-O Qb8 15.Ne5 a5 16.g4
b6 17.Nxd7 Kxd7 18.f5 exf5 19.gxf5 Bf4 20.f6 gxf6 21.Nxf6+ Kc8 22.Qh3+ Kb7
23.Qd7+ Qc7 24.Bxf4 {#r} 1-0